000 00244nam a22001097a 4500
008 170112b xxu||||| |||| 00| 0 eng d
020 _a0801657059
041 _aeng
080 _a618.2
245 _aNURSING RESEARCH
_cWOODS, N.F
942 _2udc
_cBK
999 _c2775
_d2775